000
00231 a2200097 4500
001
28077
100
_a
Thomas, H E
245
_a
H B of electronic circuit design analysis
260
_a
_b
REston Pub Co
_c
1972
090
_c
18774
_d
18774
942
_a
NUST-CAE
_c
M
_c
9751
999
_c
263150
_d
263150